Les 10 meilleurs buteurs en 2008. - Statistiques

Statistiques générales
  • Ce quiz a été pris 135 fois
  • Le résultat moyen est 5 sur 10
Statistiques - réponses
Buts Joueurs Clubs % Correct
35 Cristiano Ronaldo Man United
94%
44 Samuel Eto'o Barca
94%
32 Karim Benzema Lyon
78%
41 David Villa Valence
66%
28 Alessandro Del Piero Juve
52%
34 Mario Gomez Stuttgart
47%
33 Sergio Aguero Atletico
39%
34 Luca Toni Bayern
23%
34 Emmanuel Adebayor Arsenal
13%
29 Luis Fabiano Seville
4%
Aucun quiz correspondant
Distribution des résultats
% des personnes avec chaque résultat
Percentile par nombre de réponses
Votre historique - résultats
Vous n’avez pas pris ce quiz